000
00319nam a22001217a 4500
008
180205b xxu||||| |||| 00| 0 eng d
041
_a
eng
080
_a
330.322
100
_a
62
101
_a
INV
245
_a
ORDERS PRODUCTION AND INVESTMENT A CYCLICAL AND STRUCTURAL ANALYSIS
_c
VICTOR.Z
942
_2
udc
_c
BK
999
_c
41743
_d
41743